កង្កែប កណ្តុរ និងសត្វស្ទាំង / (Record no. 4616)
[ view plain ]
| 000 -LEADER | |
|---|---|
| fixed length control field | 01893nam a22002777a 4500 |
| 001 - CONTROL NUMBER | |
| control field | 4616 |
| 003 - CONTROL NUMBER IDENTIFIER | |
| control field | FISKH |
| 005 - DATE AND TIME OF LATEST TRANSACTION | |
| control field | 20240918103939.0 |
| 008 - FIXED-LENGTH DATA ELEMENTS--GENERAL INFORMATION | |
| fixed length control field | 240918b cb ||||| |||| 00| 0 eng d |
| 040 ## - CATALOGING SOURCE | |
| Original cataloging agency | FISKH |
| Language of cataloging | Bilingual |
| Transcribing agency | FISKH |
| Modifying agency | FISKH |
| 050 ## - LIBRARY OF CONGRESS CALL NUMBER | |
| Classification number | PZ7 |
| 082 ## - DEWEY DECIMAL CLASSIFICATION NUMBER | |
| Classification number | 800 |
| 100 ## - MAIN ENTRY--PERSONAL NAME | |
| Personal name | Anonymous |
| Relator term | author |
| 245 ## - TITLE STATEMENT | |
| Title | កង្កែប កណ្តុរ និងសត្វស្ទាំង / |
| Statement of responsibility, etc. | by Anonymous |
| 300 ## - PHYSICAL DESCRIPTION | |
| Extent | 16 pages : |
| Other physical details | color illustrations ; |
| Dimensions | 22 cm . |
| 490 ## - SERIES STATEMENT | |
| Series statement | និទានអប់រំគំនិត |
| 505 ## - FORMATTED CONTENTS NOTE | |
| Formatted contents note | H <br/> |
| 520 ## - SUMMARY, ETC. | |
| Summary, etc. | កង្កែបនិងកណ្តុរជាមិត្តនិងគ្នា។ ថ្ងៃមួយកង្កែបបានយកខ្សែរមកចងជើងវាជាប់នឺងជើងកណ្តុរ។ ពួកវាបានទៅដល់មាត់ត្រពាំងមួយហើយកង្កែបក៏លោតចូលក្នុងទីក ហើយកណ្តុរក៏លង់ទឺកស្លាប់បាត់ទៅ។ ក្រោយមកក៏មានសត្វស្ទាំងបានស្រង់កណ្តុរនិងកង្កែបចេញពីទឺក ធ្វើអោយសត្វស្ទាំងបានចំណីពីរក្នុងពេលតែមួយ។ |
| 520 ## - SUMMARY, ETC. | |
| Summary, etc. | Frog and mouse are friends. One day, a frog tied a rope around its legs with a mouse's leg. They reached the mouth of a pond, and the frog jumped into the pond and the rat drowned. Later, hawks pulled mouse and frog out of the water, giving the hawk two feeds at a time. |
| 521 8# - TARGET AUDIENCE NOTE | |
| Target audience note | 430 <br/> |
| Source | Lexile estimate <br/> |
| 521 8# - TARGET AUDIENCE NOTE | |
| Target audience note | H <br/> |
| Source | Raz-Plus <br/> |
| 650 ## - SUBJECT ADDED ENTRY--TOPICAL TERM | |
| Topical term or geographic name entry element | កង្កែប |
| Form subdivision | រឿងនិទានកុមារ |
| 650 ## - SUBJECT ADDED ENTRY--TOPICAL TERM | |
| Topical term or geographic name entry element | frog |
| Form subdivision | children's stories |
| 942 ## - ADDED ENTRY ELEMENTS (KOHA) | |
| Source of classification or shelving scheme | Dewey Decimal Classification |
| Koha item type | Khmer Books |
| Suppress in OPAC | No |
| Withdrawn status | Lost status | Source of classification or shelving scheme | Damaged status | Not for loan | Collection | Home library | Current library | Shelving location | Date acquired | Total Checkouts | Full call number | Barcode | Date last seen | Copy number | Price effective from | Koha item type |
|---|---|---|---|---|---|---|---|---|---|---|---|---|---|---|---|---|
| Dewey Decimal Classification | Khmer-English Bilingual / ភាសាខ្មែរ-អង់គ្លេស | Footprints International School Library Network Toul Tom Poung Campus | Footprints International School Library Network Toul Tom Poung Campus | TTP Primary Khmer Bookshelves | 09/18/2024 | ANO PZ7 800 | FIS02493 | 09/18/2024 | 1 | 09/18/2024 | Khmer Books | |||||
| Dewey Decimal Classification | Khmer-English Bilingual / ភាសាខ្មែរ-អង់គ្លេស | Footprints International School Library Network Toul Tom Poung Campus | Footprints International School Library Network Toul Tom Poung Campus | TTP Primary Khmer Bookshelves | 09/18/2024 | ANO PZ7 800 | FIS01313 | 09/25/2024 | 2 | 09/18/2024 | Khmer Books | |||||
| Dewey Decimal Classification | Khmer-English Bilingual / ភាសាខ្មែរ-អង់គ្លេស | Footprints International School Library Network Toul Tom Poung Campus | Footprints International School Library Network Toul Tom Poung Campus | TTP Primary Khmer Bookshelves | 10/03/2025 | ANO PZ7 800 | FIS02278 | 10/03/2025 | 3 | 10/03/2025 | Khmer Books | |||||
| Dewey Decimal Classification | Khmer-English Bilingual / ភាសាខ្មែរ-អង់គ្លេស | Footprints International School Library Network Toul Tom Poung Campus | Footprints International School Library Network Toul Tom Poung Campus | TTP Primary Khmer Bookshelves | 10/23/2025 | ANO PZ7 800 | FIS02523 | 10/23/2025 | 4 | 10/23/2025 | Khmer Books | |||||
| Dewey Decimal Classification | Khmer-English Bilingual / ភាសាខ្មែរ-អង់គ្លេស | Footprints International School Library Network Toul Tom Poung Campus | Footprints International School Library Network Toul Tom Poung Campus | TTP Primary Khmer Bookshelves | 12/11/2025 | ANO PZ7 800 | FIS02100 | 12/11/2025 | 5 | 12/11/2025 | Khmer Books |
